000 00727nam a22002417a 4500
003 UA-OsUOA
001 41674
007 ta
008 20061009b un ||||| |||| 00| 0 ukr d
100 _aВасилів-Базюк Любов
090 _a82-94
_bВ 19
942 _cBK
040 _aUA-OsUOA
_bukr
_cUA-OsUOA
_dUA-OsUOA
245 _aВони служили церкві і рідному народові
_bСпогади про діда і батька
300 _a164 с.
955 _a3
041 _aukr
080 _a82-94
020 _a966-8500-27-Х
260 _aЧернівці
_b"Букрук"
_c2004
650 7 _a82 Література. Літературознавство
_2UDC
999 _c327816
_d327816